[Event "Campeonato Ind. Provincial Absoluto Cast"]
[Site "Club d'Escacs Vila-real, CALLE"]
[Date "2011.10.01"]
[Round "1"]
[White "Jordan Martinez, Miguel"]
[Black "Calestru, Ilie"]
[Result "1-0"]
[WhiteElo "2184"]
[BlackElo "1658"]
[PlyCount "51"]
[EventDate "2011.10.01"]
[EventRounds "7"]
[EventCountry "ESP"]

1. e4 c5 2. Nf3 e6 3. c4 Nc6 4. Nc3 Nf6 5. Be2 Be7 6. O-O O-O 7. d4 d5 8. cxd5
exd5 9. e5 Ng4 10. Bf4 cxd4 11. Nb5 Bc5 12. h3 a6 13. b4 Bxb4 14. Nbxd4 Bc3 15.
Nxc6 bxc6 16. Rc1 d4 17. hxg4 Bxg4 18. Bd3 c5 19. Qe2 a5 20. Qe4 g6 21. Bg5
Bxf3 22. Qh4 Qb6 23. gxf3 Qe6 24. Bf6 h5 25. Qg5 Kh7 26. Qxh5+ 1-0

[Event "Campeonato Ind. Provincial Absoluto Cast"]
[Site "Club d'Escacs Vila-real, CALLE"]
[Date "2011.10.01"]
[Round "1"]
[White "Romero Llop, Nestor"]
[Black "Jordan Martinez, David"]
[Result "0-1"]
[WhiteElo "1649"]
[BlackElo "2175"]
[PlyCount "64"]
[EventDate "2011.10.01"]
[EventRounds "7"]
[EventCountry "ESP"]

1. e4 c5 2. c3 g6 3. d4 cxd4 4. cxd4 d5 5. Nc3 dxe4 6. Nxe4 Bg7 7. Be3 Nf6 8.
Nc3 O-O 9. Nf3 Ng4 10. Be2 Nxe3 11. fxe3 Nc6 12. O-O Bh6 13. Qd3 Nb4 14. Qd2
Bf5 15. Nd1 Nd5 16. Bd3 Bg4 17. Be4 Rc8 18. Re1 Qd6 19. h3 Bxf3 20. Bxf3 Rfd8
21. Qf2 e5 22. e4 Nb4 23. dxe5 Qxe5 24. Nc3 Nd3 25. Qxa7 Nxe1 26. Rxe1 Bd2 27.
Rd1 Bxc3 28. bxc3 Rxd1+ 29. Bxd1 Rxc3 30. Qxb7 Rc1 31. Qb3 Qd4+ 32. Kf1 Qxd1+
0-1

[Event "Campeonato Ind. Provincial Absoluto Cast"]
[Site "Club d'Escacs Vila-real, CALLE"]
[Date "2011.10.01"]
[Round "1"]
[White "Mingarro Carceller, Sergi"]
[Black "Moran Garcia, Nerea"]
[Result "1-0"]
[WhiteElo "2093"]
[BlackElo "1636"]
[PlyCount "51"]
[EventDate "2011.10.01"]
[EventRounds "7"]
[EventCountry "ESP"]

1. e4 e5 2. Nf3 Nc6 3. d4 exd4 4. Nxd4 Nxd4 5. Qxd4 Nf6 6. e5 Ng8 7. Bc4 d6 8.
O-O dxe5 9. Qxe5+ Be7 10. Qxg7 Be6 11. Qxh8 Kf8 12. Bh6+ Ke8 13. Qxg8+ Kd7 14.
Bxe6+ fxe6 15. Rd1+ Bd6 16. Qf7+ Kc8 17. Nc3 Qh4 18. Bf4 Qd8 19. Bxd6 cxd6 20.
Qxe6+ Kc7 21. Nb5+ Kb8 22. Rxd6 Qf8 23. Rad1 b6 24. Rxb6+ axb6 25. Qxb6+ Kc8
26. Qc7# 1-0

[Event "Campeonato Ind. Provincial Absoluto Cast"]
[Site "Club d'Escacs Vila-real, CALLE"]
[Date "2011.10.01"]
[Round "1"]
[White "Toledo Lopez, Jose Antonio"]
[Black "Remolar Gallen, Jose"]
[Result "0-1"]
[WhiteElo "1631"]
[BlackElo "2086"]
[PlyCount "38"]
[EventDate "2011.10.01"]
[EventRounds "7"]
[EventCountry "ESP"]

1. d4 g6 2. c4 c6 3. Nc3 Bg7 4. Nf3 d5 5. e3 Nf6 6. cxd5 cxd5 7. Bd3 O-O 8. O-O
Bg4 9. a3 Nc6 10. Be2 Ne4 11. Qb3 Na5 12. Qxd5 Nxc3 13. Qxd8 Nxe2+ 14. Kh1
Rfxd8 15. Bd2 Nb3 16. Rad1 Bxf3 17. gxf3 Rac8 18. Rfe1 Nxd2 19. Rxd2 Nc1 0-1

[Event "Campeonato Ind. Provincial Absoluto Cast"]
[Site "Club d'Escacs Vila-real, CALLE"]
[Date "2011.10.01"]
[Round "1"]
[White "Sos Andreu, Erik"]
[Black "Rivera Lirio, Francisco"]
[Result "1-0"]
[WhiteElo "2070"]
[BlackElo "1605"]
[PlyCount "35"]
[EventDate "2011.10.01"]
[EventRounds "7"]
[EventCountry "ESP"]

1. e4 c5 2. Nf3 Nc6 3. c3 e5 4. Bb5 Nge7 5. O-O g6 6. d4 Qb6 7. Bxc6 Nxc6 8. d5
Nb8 9. Nxe5 Qf6 10. Nc4 d6 11. f4 Nd7 12. e5 Qg7 13. Re1 Kd8 14. Qe2 dxe5 15.
fxe5 b5 16. Bg5+ Kc7 17. d6+ Kb8 18. Na5 1-0

[Event "Campeonato Ind. Provincial Absoluto Cast"]
[Site "Club d'Escacs Vila-real, CALLE"]
[Date "2011.10.01"]
[Round "1"]
[White "Moran Garcia, Aida"]
[Black "Aymerich Rosell, Pablo"]
[Result "0-1"]
[WhiteElo "1600"]
[BlackElo "2063"]
[PlyCount "138"]
[EventDate "2011.10.01"]
[EventRounds "7"]
[EventCountry "ESP"]

1. d4 g6 2. c4 Bg7 3. Nf3 d6 4. Nc3 Nf6 5. e4 O-O 6. Be2 Bg4 7. O-O Nfd7 8. h3
Bxf3 9. Bxf3 c5 10. d5 Na6 11. Bd2 Nc7 12. Rb1 a6 13. Qc1 b5 14. b3 b4 15. Nd1
Re8 16. Bh6 Bh8 17. Nb2 a5 18. Na4 Ra6 19. Re1 e6 20. Bf4 Bd4 21. Be3 Bf6 22.
Bd2 Qb8 23. Bd1 Ra7 24. Bf4 Ra6 25. Bd2 Ra8 26. Bf4 Be5 27. Bxe5 Nxe5 28. Bc2
Qd8 29. Re3 Rb8 30. Qb2 Qf6 31. Bd3 Kg7 32. Be2 h6 33. Rg3 exd5 34. exd5 Nd7
35. Qxf6+ Nxf6 36. Bd3 Re7 37. Re3 Rxe3 38. fxe3 Re8 39. Re1 Nd7 40. e4 f5 41.
Kf2 f4 42. g3 Ne5 43. Bc2 Rf8 44. gxf4 Rxf4+ 45. Kg2 Rf3 46. Rf1 Re3 47. Nb2
Ne8 48. Nd1 Re2+ 49. Rf2 Re1 50. Rf1 Rxf1 51. Kxf1 Kf6 52. Kg2 Kg5 53. Kg3 Ng7
54. h4+ Kf6 55. Ne3 Nh5+ 56. Kh3 Nf4+ 57. Kg3 Ne2+ 58. Kh3 Nc3 59. Ng4+ Nxg4
60. Kxg4 Ke5 61. Kf3 Nxa2 62. Ke3 Nc3 63. Kf3 g5 64. hxg5 hxg5 65. Kg4 Nxe4 66.
Bxe4 Kxe4 67. Kxg5 a4 68. bxa4 b3 69. a5 b2 0-1

[Event "Campeonato Ind. Provincial Absoluto Cast"]
[Site "Club d'Escacs Vila-real, CALLE"]
[Date "2011.10.01"]
[Round "1"]
[White "Ventura Monfort, Santiago"]
[Black "Lopez Benlloch, Vicente"]
[Result "1-0"]
[WhiteElo "2016"]
[BlackElo "1599"]
[PlyCount "63"]
[EventDate "2011.10.01"]
[EventRounds "7"]
[EventCountry "ESP"]

1. e4 e5 2. Nf3 Nc6 3. Bb5 Nf6 4. O-O d6 5. d4 Bd7 6. d5 Ne7 7. Bd3 Ng6 8. c4
Be7 9. Nc3 a6 10. b4 O-O 11. a4 Nh5 12. Ne2 f5 13. Ng3 Nxg3 14. fxg3 fxe4 15.
Bxe4 Bf5 16. Qd3 Qd7 17. Bd2 h6 18. Nd4 Bxe4 19. Qxe4 Nf4 20. Nf3 Nh5 21. Nh4
Nf6 22. Qg6 Qg4 23. Bxh6 Rf7 24. Qxg4 Nxg4 25. Rxf7 Kxf7 26. Rf1+ Bf6 27. Bc1
Rd8 28. h3 Nh6 29. g4 g5 30. Bxg5 Ng8 31. Bxf6 Nxf6 32. g5 1-0

[Event "Campeonato Ind. Provincial Absoluto Cast"]
[Site "Club d'Escacs Vila-real, CALLE"]
[Date "2011.10.01"]
[Round "1"]
[White "Gimeno Simo, Sergio"]
[Black "Sanchiz Marti, Josep Miquel"]
[Result "0-1"]
[WhiteElo "1559"]
[BlackElo "1986"]
[PlyCount "48"]
[EventDate "2011.10.01"]
[EventRounds "7"]
[EventCountry "ESP"]

1. e4 c5 2. Nc3 Nc6 3. d3 g6 4. f4 Bg7 5. Nf3 d6 6. g3 e6 7. Bg2 Nge7 8. O-O
O-O 9. Ne2 d5 10. e5 d4 11. g4 Bd7 12. Ng3 Nb4 13. Ne4 Nbd5 14. Qe2 Qb6 15.
Nfd2 Rad8 16. Nc4 Qc7 17. h4 b5 18. Ncd6 Qb6 19. g5 Nf5 20. Qf2 Nde3 21. Bxe3
dxe3 22. Qe2 Nd4 23. Qxe3 Nxc2 24. Qxc5 Nxa1 0-1

[Event "Campeonato Ind. Provincial Absoluto Cast"]
[Site "Club d'Escacs Vila-real, CALLE"]
[Date "2011.10.01"]
[Round "1"]
[White "Perez Martinez, Alejandro"]
[Black "Peicea, Fiodor"]
[Result "1-0"]
[WhiteElo "1965"]
[BlackElo "1544"]
[PlyCount "85"]
[EventDate "2011.10.01"]
[EventRounds "7"]
[EventCountry "ESP"]

1. e4 c5 2. Nf3 d6 3. d4 cxd4 4. Nxd4 Nc6 5. Nc3 e5 6. Ndb5 a6 7. Na3 Nf6 8.
Bg5 Be7 9. Bxf6 Bxf6 10. Nd5 Be6 11. Nc4 Bxd5 12. Qxd5 Be7 13. c3 Rc8 14. Rd1
Rc7 15. Nxd6+ Bxd6 16. Qxd6 Qxd6 17. Rxd6 Ke7 18. Rd5 Rd8 19. Rxd8 Nxd8 20. g3
Ne6 21. a3 Nc5 22. f3 Na4 23. Be2 Nxb2 24. Kd2 Na4 25. Rc1 Nc5 26. Bd1 g6 27.
Ke3 Rd7 28. Bc2 Rc7 29. f4 Nd7 30. Bb3 Nf6 31. fxe5 Ng4+ 32. Kf4 h5 33. Rc2 b5
34. h3 Nh6 35. Kg5 Ng8 36. Bd5 a5 37. g4 hxg4 38. hxg4 Kf8 39. e6 Ne7 40. Rf2
Nxd5 41. exd5 Rxc3 42. Rxf7+ Kg8 43. Kxg6 1-0

[Event "Campeonato Ind. Provincial Absoluto Cast"]
[Site "Club d'Escacs Vila-real, CALLE"]
[Date "2011.10.01"]
[Round "1"]
[White "Core Lopez, Virginia"]
[Black "Romero Calduch, Sergio"]
[Result "0-1"]
[WhiteElo "1451"]
[BlackElo "1889"]
[PlyCount "76"]
[EventDate "2011.10.01"]
[EventRounds "7"]
[EventCountry "ESP"]

1. d4 Nf6 2. c4 g6 3. Nc3 Bg7 4. e4 d6 5. Nf3 Bg4 6. Be2 O-O 7. O-O Nfd7 8. Be3
a6 9. a3 c5 10. Rb1 Nc6 11. d5 Bxf3 12. Bxf3 Nd4 13. Ne2 Nxf3+ 14. gxf3 Ne5 15.
b3 Nxf3+ 16. Kg2 Ne5 17. Rg1 b5 18. f4 Ng4 19. Bf2 Rb8 20. h3 Nxf2 21. Kxf2 Qa5
22. cxb5 axb5 23. Qc1 Ra8 24. b4 cxb4 25. axb4 Qb6+ 26. Qe3 Qxe3+ 27. Kxe3 Rfc8
28. Rgc1 Kf8 29. Rc6 Rxc6 30. dxc6 Ke8 31. Rc1 Kd8 32. Nc3 Bxc3 33. Rxc3 Kc7
34. Kf3 Ra6 35. Kg4 Rxc6 36. Ra3 Rc4 37. Ra7+ Kd8 38. Ra8+ Kd7 0-1

[Event "Campeonato Ind. Provincial Absoluto Cast"]
[Site "Club d'Escacs Vila-real, CALLE"]
[Date "2011.10.01"]
[Round "1"]
[White "Ballester Clausell, David"]
[Black "Torres Espinosa, Raul"]
[Result "1-0"]
[WhiteElo "1883"]
[BlackElo "1844"]
[PlyCount "53"]
[EventDate "2011.10.01"]
[EventRounds "7"]
[EventCountry "ESP"]

1. e4 c5 2. Nf3 d6 3. d4 cxd4 4. Nxd4 Nf6 5. Nc3 g6 6. Be3 Bg7 7. Be2 Nc6 8.
Nb3 O-O 9. Qd2 Bd7 10. Bh6 Rb8 11. Bxg7 Kxg7 12. h4 h5 13. f3 Ne5 14. Nd5 Nxd5
15. Qxd5 b5 16. Qd4 Kg8 17. g4 hxg4 18. fxg4 Bxg4 19. Bxg4 Nxg4 20. h5 Qb6 21.
hxg6 Qxd4 22. gxf7+ Rxf7 23. Nxd4 Rf4 24. Nc6 Rxe4+ 25. Kd2 Rb7 26. Rag1 Kf7
27. Nd8+ 1-0

[Event "Campeonato Ind. Provincial Absoluto Cast"]
[Site "Club d'Escacs Vila-real, CALLE"]
[Date "2011.10.15"]
[Round "2"]
[White "Romero Calduch, Sergio"]
[Black "Jordan Martinez, Miguel"]
[Result "1/2-1/2"]
[WhiteElo "1889"]
[BlackElo "2184"]
[PlyCount "163"]
[EventDate "2011.10.01"]
[EventRounds "7"]
[EventCountry "ESP"]

1. d4 Nf6 2. c4 g6 3. Nc3 Bg7 4. e4 d6 5. f4 O-O 6. Nf3 Bg4 7. Be2 Nc6 8. d5
Bxf3 9. Bxf3 Na5 10. Qd3 c6 11. Be3 cxd5 12. exd5 Rc8 13. b3 a6 14. O-O b5 15.
cxb5 Rxc3 16. Qxc3 Nxd5 17. Qd2 Nxe3 18. Qxe3 Bxa1 19. Rxa1 axb5 20. Rc1 e6 21.
Qa7 d5 22. Qa6 Qa8 23. Qxb5 Nb7 24. Qb6 Qa3 25. Rc6 Na5 26. Rc2 Ra8 27. Be2 Qe7
28. Ba6 Qa7 29. Qxa7 Rxa7 30. Bd3 Kf8 31. b4 Nc4 32. Bxc4 dxc4 33. b5 Ra5 34.
b6 Rb5 35. Rxc4 Rxb6 36. Rc2 Ra6 37. Kf2 Ke7 38. Rd2 f6 39. Kf3 Ra3+ 40. Kf2 e5
41. fxe5 fxe5 42. Ke2 Ke6 43. Kf2 h5 44. Ke2 Kf5 45. Rb2 g5 46. Rc2 g4 47. g3
Kg5 48. Ke1 h4 49. Re2 Ra5 50. gxh4+ Kxh4 51. Kf1 Kg5 52. Kf2 Kf4 53. Rc2 Ra4
54. Rb2 Ra3 55. Re2 Ra5 56. Rb2 e4 57. Re2 Rh5 58. Kf1 e3 59. Rg2 Rb5 60. Ke2
Rb2+ 61. Kf1 Rb1+ 62. Ke2 Ra1 63. Kd3 Rd1+ 64. Ke2 Rd2+ 65. Kf1 Kf3 66. Rg3+
Ke4 67. Rxg4+ Kd3 68. Rg3 Rd1+ 69. Kg2 Kd2 70. Kf3 Rf1+ 71. Kg4 Rf2 72. h4 Rf8
73. Rg2+ e2 74. Rxe2+ Kxe2 75. h5 Ke3 76. h6 Ke4 77. Kg5 Rf1 78. h7 Rh1 79. Kg6
Ke5 80. Kg7 Rg1+ 81. Kf7 Rf1+ 82. Kg7 1/2-1/2

[Event "Campeonato Ind. Provincial Absoluto Cast"]
[Site "Club d'Escacs Vila-real, CALLE"]
[Date "2011.10.15"]
[Round "2"]
[White "Jordan Martinez, David"]
[Black "Perez Martinez, Alejandro"]
[Result "1-0"]
[WhiteElo "2175"]
[BlackElo "1965"]
[PlyCount "65"]
[EventDate "2011.10.01"]
[EventRounds "7"]
[EventCountry "ESP"]

1. Nf3 d5 2. d4 Nf6 3. c4 e6 4. g3 g6 5. Bg2 Bg7 6. Nc3 O-O 7. Bg5 c6 8. Qd2
dxc4 9. Ne5 Qa5 10. Nxc4 Qb4 11. Ne3 Nd5 12. Rd1 h6 13. Nexd5 exd5 14. Bf4 Re8
15. O-O Kh7 16. e4 dxe4 17. Nxe4 Qxd2 18. Rxd2 Be6 19. Nc5 Bc8 20. d5 Nd7 21.
Nxb7 c5 22. Nd6 Re7 23. Nc4 Bb7 24. Na5 Ne5 25. Bxe5 Bxe5 26. Nxb7 Rxb7 27. d6
Rbb8 28. d7 Bc7 29. Bxa8 Rxa8 30. Re1 Kg7 31. Re8 Rd8 32. Rxd8 Bxd8 33. Re2 1-0

[Event "Campeonato Ind. Provincial Absoluto Cast"]
[Site "Club d'Escacs Vila-real, CALLE"]
[Date "2011.10.15"]
[Round "2"]
[White "Castillo Anton, Emilio"]
[Black "Mingarro Carceller, Sergi"]
[Result "0-1"]
[WhiteElo "1827"]
[BlackElo "2093"]
[PlyCount "50"]
[EventDate "2011.10.01"]
[EventRounds "7"]
[EventCountry "ESP"]

1. d4 Nf6 2. c4 c5 3. e3 cxd4 4. exd4 d5 5. Nf3 Nc6 6. Nc3 Bg4 7. cxd5 Nxd5 8.
Be2 e6 9. a3 Be7 10. O-O O-O 11. Nxd5 Qxd5 12. Be3 Rfd8 13. Qa4 a6 14. Rfd1 b5
15. Qc2 Rac8 16. Qd2 Bf6 17. Rac1 Qd7 18. Kf1 h6 19. Rc5 Bxf3 20. Bxf3 Nxd4 21.
Rxc8 Qxc8 22. Be4 Nf5 23. Rc1 Qb8 24. Bf4 e5 25. Qa5 Nd6 0-1

[Event "Campeonato Ind. Provincial Absoluto Cast"]
[Site "Club d'Escacs Vila-real, CALLE"]
[Date "2011.10.15"]
[Round "2"]
[White "Remolar Gallen, Jose"]
[Black "Ballester Clausell, David"]
[Result "1-0"]
[WhiteElo "2086"]
[BlackElo "1883"]
[PlyCount "27"]
[EventDate "2011.10.01"]
[EventRounds "7"]
[EventCountry "ESP"]

1. e4 c5 2. Nf3 Nc6 3. c3 g6 4. d4 cxd4 5. cxd4 d5 6. exd5 Qxd5 7. Nc3 Qd8 8.
d5 Na5 9. Qa4+ Bd7 10. Bb5 b6 11. Ne5 Nf6 12. Bg5 Bxb5 13. Nxb5 Nd7 14. Nd6+
1-0

[Event "Campeonato Ind. Provincial Absoluto Cast"]
[Site "Club d'Escacs Vila-real, CALLE"]
[Date "2011.10.15"]
[Round "2"]
[White "Viciano Barrachina, Aitor"]
[Black "Sos Andreu, Erik"]
[Result "0-1"]
[WhiteElo "1792"]
[BlackElo "2070"]
[PlyCount "72"]
[EventDate "2011.10.01"]
[EventRounds "7"]
[EventCountry "ESP"]

1. e4 c6 2. d4 d5 3. exd5 cxd5 4. c4 Nf6 5. Nc3 g6 6. Nf3 Bg7 7. Bd3 O-O 8. O-O
Nc6 9. h3 Nb4 10. Bb1 dxc4 11. Qa4 a5 12. a3 Bd7 13. Qd1 Nbd5 14. Bg5 Be6 15.
Ne5 Rc8 16. Ba2 Nxc3 17. bxc3 Ne4 18. Nf3 Nxc3 19. Qc2 Nxa2 20. Qxa2 Re8 21.
Rab1 c3 22. Qa1 Qd5 23. Rfe1 Bf5 24. Rbc1 Be4 25. Be3 Bxf3 26. gxf3 Qc4 27.
Red1 b5 28. Rc2 b4 29. axb4 axb4 30. Ra2 b3 31. Ra4 b2 32. Qa3 Qxa4 33. Qxa4 c2
34. Qb3 cxd1=Q+ 35. Qxd1 Rc1 36. Bxc1 b1=Q 0-1

[Event "Campeonato Ind. Provincial Absoluto Cast"]
[Site "Club d'Escacs Vila-real, CALLE"]
[Date "2011.10.15"]
[Round "2"]
[White "Aymerich Rosell, Pablo"]
[Black "Ventura Monfort, Javier"]
[Result "1-0"]
[WhiteElo "2063"]
[BlackElo "1708"]
[PlyCount "53"]
[EventDate "2011.10.01"]
[EventRounds "7"]
[EventCountry "ESP"]

1. d4 Nf6 2. Nf3 e6 3. c4 c5 4. d5 exd5 5. cxd5 d6 6. Nc3 g6 7. h3 Bg7 8. e4
O-O 9. Bd3 Re8 10. O-O b6 11. Re1 Nbd7 12. Bf4 Ne5 13. Nxe5 dxe5 14. Be3 a6 15.
a4 Qd6 16. Nb1 Nxd5 17. exd5 e4 18. Bc1 Bxh3 19. Bxe4 Bf5 20. Bxf5 gxf5 21. Nc3
Be5 22. Bd2 Qf6 23. Qh5 Kh8 24. Qg5 Qd6 25. Qxf5 Bh2+ 26. Kh1 Rg8 27. Ne4 1-0

[Event "Campeonato Ind. Provincial Absoluto Cast"]
[Site "Club d'Escacs Vila-real, CALLE"]
[Date "2011.10.15"]
[Round "2"]
[White "Sanchiz Marti, Josep Miquel"]
[Black "Arroyo Cabrera, Andres"]
[Result "1-0"]
[WhiteElo "1986"]
[BlackElo "1697"]
[PlyCount "63"]
[EventDate "2011.10.01"]
[EventRounds "7"]
[EventCountry "ESP"]

1. d4 Nf6 2. c4 e6 3. Nc3 Bb4 4. f3 d5 5. a3 Bxc3+ 6. bxc3 c5 7. e3 Qc7 8. cxd5
Nxd5 9. Bd2 Nc6 10. Bd3 f5 11. Ne2 O-O 12. O-O b6 13. Qc2 a5 14. e4 fxe4 15.
fxe4 Rxf1+ 16. Rxf1 Nde7 17. Bc4 Ba6 18. Bxe6+ Kh8 19. Bf4 Qd8 20. d5 Bc4 21.
Rd1 Qe8 22. Bc7 Qh5 23. Ng3 Qg6 24. Qf2 Nd8 25. Bh3 Qf7 26. Bxb6 Qxf2+ 27. Kxf2
Nb7 28. Ke3 Ng6 29. Bc7 Bb3 30. Rf1 Ba4 31. e5 Nxe5 32. Bxe5 1-0

[Event "Campeonato Ind. Provincial Absoluto Cast"]
[Site "Club d'Escacs Vila-real, CALLE"]
[Date "2011.10.15"]
[Round "2"]
[White "Arambul Ripolles, Javier"]
[Black "Moran Marzal, Fancisco Javier"]
[Result "1/2-1/2"]
[WhiteElo "1707"]
[BlackElo "1796"]
[PlyCount "43"]
[EventDate "2011.10.01"]
[EventRounds "7"]
[EventCountry "ESP"]

1. e4 e6 2. d4 d5 3. exd5 exd5 4. Nf3 Nf6 5. Bd3 Bd6 6. O-O O-O 7. Bg5 Bg4 8.
Re1 c6 9. h3 Bh5 10. Nbd2 Nbd7 11. c3 Qc7 12. Qc2 Rfe8 13. g4 Bg6 14. Bxg6 hxg6
15. Kg2 Rxe1 16. Rxe1 Re8 17. Rxe8+ Nxe8 18. c4 Nef6 19. c5 Bf4 20. b4 Bxg5 21.
Nxg5 Qf4 22. Ngf3 1/2-1/2

[Event "Campeonato Ind. Provincial Absoluto Cast"]
[Site "Club d'Escacs Vila-real, CALLE"]
[Date "2011.10.15"]
[Round "2"]
[White "Peicea, Fiodor"]
[Black "Mezquita Salla, Kevin"]
[Result "0-1"]
[WhiteElo "1544"]
[BlackElo "1684"]
[PlyCount "106"]
[EventDate "2011.10.01"]
[EventRounds "7"]
[EventCountry "ESP"]

1. d4 Nf6 2. c4 e6 3. Nf3 b6 4. g3 Bb7 5. Bg2 d5 6. cxd5 exd5 7. Nc3 c5 8. O-O
Be7 9. Bf4 O-O 10. Rc1 Nbd7 11. Re1 Ne4 12. Qc2 Ndf6 13. Ng5 Nxg5 14. Bxg5 cxd4
15. Nb5 h6 16. Bf4 Bc5 17. Be5 Ne4 18. Bxd4 Rc8 19. Bxc5 Rxc5 20. Qd3 a6 21.
Nc3 Qc7 22. Rc2 Rc8 23. Rec1 b5 24. Bh3 Rd8 25. b4 Rc4 26. a4 Qb6 27. e3 Nxc3
28. Rxc3 Rxb4 29. axb5 axb5 30. Rc7 Rc4 31. R7xc4 dxc4 32. Qb1 Qc5 33. Bf1 Qd5
34. e4 Qxe4 35. Qxe4 Bxe4 36. Be2 Bd3 37. Kf1 Bxe2+ 38. Kxe2 Rc8 39. Kd2 b4 40.
Rb1 c3+ 41. Kc2 Rb8 42. Kb3 f5 43. f4 Kf7 44. Rd1 Ke6 45. Rd3 g5 46. Rd4 Rc8
47. Rd1 gxf4 48. gxf4 c2 49. Rc1 Kd5 50. Kxb4 Ke4 51. Kb3 Kxf4 52. Kb2 Ke3 53.
Re1+ Kd2 0-1

[Event "Campeonato Ind. Provincial Absoluto Cast"]
[Site "Club d'Escacs Vila-real, CALLE"]
[Date "2011.10.15"]
[Round "2"]
[White "Torres Espinosa, Raul"]
[Black "Romero Llop, Nestor"]
[Result "1-0"]
[WhiteElo "1844"]
[BlackElo "1649"]
[PlyCount "63"]
[EventDate "2011.10.01"]
[EventRounds "7"]
[EventCountry "ESP"]

1. d4 d5 2. c4 c6 3. Qc2 Nf6 4. Nf3 Nbd7 5. g3 e6 6. Bg2 Be7 7. O-O O-O 8. Nbd2
b6 9. e4 dxe4 10. Ng5 e5 11. Ngxe4 Bb7 12. dxe5 Nxe5 13. Rd1 Qc7 14. b3 Rad8
15. Bb2 c5 16. Bxe5 Qxe5 17. Nxf6+ Bxf6 18. Bxb7 Qe7 19. Bd5 Bxa1 20. Rxa1 Rd6
21. Nf3 Qf6 22. Qd1 Rfd8 23. Rc1 Qf5 24. Qe2 Rf6 25. Rd1 Kf8 26. Re1 Qd7 27.
Ne5 Qc7 28. Nc6 Rc8 29. Ne5 g6 30. Qb2 Rf5 31. Nxg6+ hxg6 32. Qh8# 1-0

[Event "Campeonato Ind. Provincial Absoluto Cast"]
[Site "Club d'Escacs Vila-real, CALLE"]
[Date "2011.10.15"]
[Round "2"]
[White "Moran Garcia, Nerea"]
[Black "Core Lopez, Virginia"]
[Result "0-1"]
[WhiteElo "1636"]
[BlackElo "1451"]
[PlyCount "60"]
[EventDate "2011.10.01"]
[EventRounds "7"]
[EventCountry "ESP"]

1. e4 e6 2. d4 d5 3. Nc3 dxe4 4. Nxe4 Nd7 5. Nf3 Ngf6 6. Nxf6+ Nxf6 7. Bg5 Be7
8. Bc4 O-O 9. O-O b6 10. Re1 Bb7 11. c3 c5 12. dxc5 Bxc5 13. Qxd8 Raxd8 14.
Bxf6 gxf6 15. b4 Bd6 16. Nd4 Rc8 17. Nb5 Be5 18. Bd3 a6 19. f4 Bxf4 20. Nd4 Bd2
21. Rf1 Bxc3 22. Rad1 Bxd4+ 23. Kh1 Rc3 24. Rfe1 Rfc8 25. a4 Be3 26. Be2 Rc2
27. Bf3 Bxf3 28. gxf3 Bf4 29. Rg1+ Kf8 30. b5 Rxh2# 0-1

[Event "Campeonato Ind. Provincial Absoluto Cast"]
[Site "Club d'Escacs Vila-real, CALLE"]
[Date "2011.10.22"]
[Round "3"]
[White "Sos Andreu, Erik"]
[Black "Jordan Martinez, David"]
[Result "1/2-1/2"]
[WhiteElo "2070"]
[BlackElo "2175"]
[PlyCount "168"]
[EventDate "2011.10.01"]
[EventRounds "7"]
[EventCountry "ESP"]

1. Nf3 Nf6 2. c4 g6 3. Nc3 Bg7 4. e4 d6 5. d4 Nbd7 6. Be2 O-O 7. O-O e5 8. Be3
c6 9. Re1 Re8 10. d5 c5 11. Nd2 Rf8 12. Rb1 Ne8 13. b4 cxb4 14. Rxb4 f5 15. f3
Bf6 16. Nb5 Bg5 17. Bf2 Nc5 18. Rb2 b6 19. Bf1 Nf6 20. exf5 Bxf5 21. Be3 Bxe3+
22. Rxe3 Rf7 23. Nc3 Rc8 24. Nde4 Nfxe4 25. Nxe4 Nxe4 26. fxe4 Bd7 27. Qe1 Qe7
28. Rf2 Rcf8 29. Rxf7 Rxf7 30. Bd3 Rf8 31. Bf1 Rc8 32. Ra3 Rc7 33. Rb3 Bc8 34.
Rf3 Rc5 35. Ra3 Kg7 36. Qd2 h6 37. Qe3 Qc7 38. Qg3 Qe7 39. Qe3 Rc7 40. Qg3 Qd8
41. Rf3 Qe7 42. Ra3 Rd7 43. Be2 Rc7 44. Bf1 h5 45. Rf3 Bg4 46. Ra3 Qf6 47. Qf2
Qd8 48. Rg3 Rf7 49. Qd2 Qf8 50. Bd3 Rf4 51. Re3 h4 52. Qe1 Bc8 53. Bf1 Qe7 54.
Qb4 Qf6 55. Qe1 Qg5 56. Ra3 Rf7 57. Qe3 Qf4 58. Qe1 Bg4 59. Rd3 Bh5 60. Rd2 Qg5
61. Rd3 Qf4 62. Rd2 Qg5 63. Rd3 Rf4 64. Ra3 Rf7 65. Rh3 Rf4 66. Ra3 Qe7 67. Re3
g5 68. Be2 Bg6 69. Bf1 Qf7 70. Bd3 Bh5 71. Bf1 Kh6 72. Be2 Bg6 73. Bf1 Qh7 74.
Bd3 Qe7 75. Bf1 Qf8 76. Bd3 Kg7 77. Bf1 Kh7 78. Bd3 Kg7 79. Bf1 Be8 80. Be2 Kh6
81. Bf1 Qf7 82. Bd3 Bd7 83. Bf1 Be8 84. Be2 Bd7 1/2-1/2

[Event "Campeonato Ind. Provincial Absoluto Cast"]
[Site "Club d'Escacs Vila-real, CALLE"]
[Date "2011.10.22"]
[Round "3"]
[White "Mingarro Carceller, Sergi"]
[Black "Aymerich Rosell, Pablo"]
[Result "1-0"]
[WhiteElo "2093"]
[BlackElo "2063"]
[PlyCount "119"]
[EventDate "2011.10.01"]
[EventRounds "7"]
[EventCountry "ESP"]

1. e4 c6 2. d4 d5 3. e5 c5 4. dxc5 Nc6 5. Bb5 e6 6. Be3 Nge7 7. Nf3 Bd7 8. Bxc6
Bxc6 9. c3 Nf5 10. Bd4 Nxd4 11. Qxd4 Qc7 12. b4 b6 13. cxb6 axb6 14. O-O Be7
15. a3 O-O 16. Re1 Ra4 17. Ra2 Rfa8 18. Rd2 Bb5 19. Qe3 Bc4 20. Nd4 g6 21. f4
Kh8 22. Nf3 R4a7 23. h4 h5 24. g3 Kg7 25. Rf2 Bb5 26. Nd4 Bd7 27. Ref1 Rf8 28.
Rg2 Rh8 29. Rh2 Raa8 30. Qf3 Qd8 31. Ra2 Ra4 32. Nd2 Qc7 33. Qd3 Rha8 34. Nc2
Rc8 35. Rf3 Ra7 36. Nb1 Ba4 37. Ne3 Bd7 38. Qd4 Kh7 39. Rg2 Rh8 40. Qd3 Kg7 41.
Rgf2 Raa8 42. Ng2 b5 43. Qd2 Bd8 44. Kh2 Qa7 45. Rf1 Bb6 46. Rd3 Rac8 47. Ne1
Rc4 48. Nf3 Rhc8 49. Rd1 Qb7 50. Qe2 Qa7 51. Ng5 Be8 52. g4 hxg4 53. Qxg4 d4
54. h5 dxc3 55. hxg6 Bd8 56. gxf7 Qf2+ 57. Kh3 Bxg5 58. Qxg5+ Kxf7 59. Rd7+
Bxd7 60. Rxd7+ 1-0

[Event "Campeonato Ind. Provincial Absoluto Cast"]
[Site "Club d'Escacs Vila-real, CALLE"]
[Date "2011.10.22"]
[Round "3"]
[White "Ventura Monfort, Santiago"]
[Black "Remolar Gallen, Jose"]
[Result "0-1"]
[WhiteElo "2016"]
[BlackElo "2086"]
[PlyCount "76"]
[EventDate "2011.10.01"]
[EventRounds "7"]
[EventCountry "ESP"]

1. e4 g6 2. d4 Bg7 3. Nf3 c6 4. Nc3 d5 5. h3 Nf6 6. e5 Ne4 7. Nxe4 dxe4 8. Ng5
c5 9. dxc5 Qa5+ 10. c3 Qxc5 11. Be3 Qa5 12. Qb3 O-O 13. Bc4 e6 14. Nxe4 Qxe5
15. Bd3 Rd8 16. f4 Rxd3 17. fxe5 Rxe3+ 18. Kf2 Rxe4 19. Rhe1 Rxe5 20. Rxe5 Bxe5
21. Rd1 Nc6 22. Qc4 Bc7 23. b4 e5 24. g4 Be6 25. Qe4 Bxa2 26. Rd7 Rc8 27. b5
Nd8 28. h4 Ne6 29. Qxb7 Bb6+ 30. Ke1 Rf8 31. Qf3 e4 32. Qg2 Nc5 33. Re7 Nd3+
34. Kd2 Rd8 35. Qf1 Nf2+ 36. Kc2 Bc5 37. Rc7 e3 38. Rxc5 Rd2+ {Aquí el blanco
jugó Tc8+ a lo que el negro contestó al toque Rg7, ambos apurados, finalmente
la partida continuó con Rc1 y se impuso Remolar tras 43 jugadas.} 0-1